[Event "13th EICC"]
[Site "Plovdiv BUL"]
[Date "2012.03.30"]
[Round "10.60"]
[White "Neverov, Valeriy"]
[Black "Kempinski, Robert"]
[Result "0-1"]
[WhiteTitle "GM"]
[BlackTitle "GM"]
[WhiteElo "2544"]
[BlackElo "2610"]
[WhiteFideId "14100150"]
[BlackFideId "1105663"]
[EventDate "2012.03.20"]
[EventType "swiss"]

1. d4 d5 2. c4 c6 3. Nf3 Nf6 4. e3 Bg4 5. h3 Bxf3 6. Qxf3 e6 7. Nc3 Nbd7 8. Bd3
Bb4 9. O-O O-O 10. a3 Ba5 11. Rd1 Re8 12. Bf1 a6 13. Bd2 Bc7 14. Be1 Qe7 15. b4
h5 16. a4 h4 17. b5 axb5 18. axb5 Rxa1 19. Rxa1 e5 20. bxc6 bxc6 21. cxd5 exd4
22. exd4 Qd6 23. g3 Nxd5 24. Nxd5 cxd5 25. Bg2 hxg3 26. Qxd5 gxf2+ 27. Bxf2 Qh2+
28. Kf1 Nf6 29. Qf5 Qd6 30. Qc5 Qf4 31. Qc1 Qh2 32. Qc6 Bb8 33. Re1 Rxe1+ 34.
Bxe1 Qf4+ 35. Bf2 g6 36. Kg1 Kg7 37. Qc3 Nh5 38. d5+ Kh7 39. Qf3 Qc1+ 40. Bf1
Qg5+ 41. Bg2 0-1

[Event "13th EICC"]
[Site "Plovdiv BUL"]
[Date "2012.03.30"]
[Round "10.62"]
[White "Khmelniker, Ilya"]
[Black "Pantsulaia, Levan"]
[Result "1/2-1/2"]
[WhiteTitle "GM"]
[BlackTitle "GM"]
[WhiteElo "2523"]
[BlackElo "2595"]
[WhiteFideId "2805340"]
[BlackFideId "13602071"]
[EventDate "2012.03.20"]
[EventType "swiss"]

1. d4 Nf6 2. c4 e6 3. Nf3 c5 4. d5 exd5 5. cxd5 d6 6. Nc3 g6 7. Bf4 Bg7 8. Qa4+
Bd7 9. Qb3 Qc7 10. e4 O-O 11. Be2 a6 12. e5 dxe5 13. Bxe5 Qc8 14. O-O Re8 15.
Rfe1 b5 16. a4 b4 17. Nd1 Bg4 18. Bxf6 Bxf6 19. Ne3 h5 20. h3 Bxf3 21. Bxf3 Bd4
22. d6 Ra7 23. Nd5 Qd8 24. Re7 Raxe7 25. dxe7 Rxe7 26. Nxe7+ Qxe7 27. a5 Nd7 28.
Qc2 Ne5 29. Be2 Qf6 30. Rf1 Kg7 31. b3 Qd8 32. Qa2 Nc6 33. Bxa6 Nxa5 34. Qa4 Qb6
35. Bd3 Nc6 36. Qa6 Qc7 37. Be4 Ne7 38. Qb7 Qe5 39. Kh1 Qe6 40. Bf3 Kf6 41. Bd1
Nd5 42. Bf3 Nc3 43. Ra1 Qxb3 44. Qc8 Qc4 45. Qh8+ Kg5 46. h4+ Kxh4 47. Qd8+ f6
48. g3+ Kg5 49. Qd6 Be5 50. Qd2+ Kf5 51. Qd7+ 1/2-1/2

[Event "13th EICC"]
[Site "Plovdiv BUL"]
[Date "2012.03.30"]
[Round "10.63"]
[White "Sedlak, Nikola"]
[Black "Goganov, Aleksey"]
[Result "0-1"]
[WhiteTitle "GM"]
[BlackTitle "IM"]
[WhiteElo "2593"]
[BlackElo "2517"]
[WhiteFideId "922900"]
[BlackFideId "24109959"]
[EventDate "2012.03.20"]
[EventType "swiss"]

1. c4 Nf6 2. g3 e6 3. Bg2 d5 4. Nf3 dxc4 5. Qa4+ Nbd7 6. O-O a6 7. Qxc4 b5 8.
Qc6 Rb8 9. Qc2 Bb7 10. d3 Bd6 11. Nc3 c5 12. e4 O-O 13. Qe2 Qb6 14. h3 b4 15.
Na4 Qb5 16. Qc2 Ne5 17. Nxe5 Bxe5 18. Be3 Rbc8 19. Rac1 Bd4 20. b3 Nd7 21. Nb2
Ne5 22. Nc4 Nxc4 23. dxc4 Qc6 24. Bxd4 cxd4 25. f4 e5 26. fxe5 Qc5 27. Rf5 g6
28. Qd2 d3+ 29. Kh2 Qd4 30. Rcf1 Rcd8 31. Rh5 f6 32. exf6 Rxf6 33. Rxf6 Qxf6 34.
e5 Qe7 35. Bxb7 gxh5 36. e6 h4 37. Bd5 hxg3+ 38. Kg2 Rf8 39. Qxd3 Rf6 40. Be4
Kh8 41. Qd4 Qxe6 42. c5 Qe7 43. c6 Qg7 44. Bf3 Rf8 45. Qxb4 Qb2+ 46. Kxg3 Qe5+
47. Kf2 Qh2+ 48. Ke3 Qg1+ 49. Ke2 Re8+ 50. Be4 Qg2+ 51. Kd3 Rd8+ 52. Ke3 Qxh3+
53. Ke2 Qh2+ 54. Ke3 Qg3+ 55. Ke2 Qe5 56. Ke3 Qg5+ 57. Ke2 Qg4+ 58. Ke3 Qg3+ 59.
Ke2 Qe5 60. Ke3 Rg8 61. Qc4 Rg3+ 62. Kd2 Qf4+ 0-1

[Event "13th EICC"]
[Site "Plovdiv BUL"]
[Date "2012.03.30"]
[Round "10.66"]
[White "Damljanovic, Branko"]
[Black "Onischuk, Vladimir"]
[Result "0-1"]
[WhiteTitle "GM"]
[BlackTitle "GM"]
[WhiteElo "2582"]
[BlackElo "2516"]
[WhiteFideId "900125"]
[BlackFideId "14114038"]
[EventDate "2012.03.20"]
[EventType "swiss"]

1. c4 Nf6 2. Nf3 g6 3. Nc3 Bg7 4. e4 d6 5. d4 O-O 6. h3 Nbd7 7. Bd3 e5 8. O-O c6
9. Re1 a5 10. Bc2 exd4 11. Nxd4 Re8 12. Bg5 h6 13. Bh4 Qb6 14. Na4 Qa7 15. Nf3
Nh5 16. Qxd6 Ne5 17. Nxe5 Bxe5 18. Qd1 Nf4 19. c5 Ne6 20. Nb6 g5 21. Nc4 Rd8 22.
Qh5 Bg7 23. Bg3 Qxc5 24. b3 b5 25. Ne3 Bxa1 26. Rxa1 Qc3 27. Rf1 Rd2 28. Bb1 Nf4
29. Qxh6 Ne2+ 30. Kh2 Nxg3 31. Qxg5+ Qg7 32. Qxg3 Qxg3+ 33. Kxg3 Be6 34. Rc1 a4
35. Rxc6 Rb2 36. Bd3 Rxa2 37. bxa4 bxa4 38. Rc3 a3 39. Bc4 Rb2 40. Nd5 a2 0-1

[Event "13th EICC"]
[Site "Plovdiv BUL"]
[Date "2012.03.30"]
[Round "10.67"]
[White "Savchenko, Boris"]
[Black "Soffer, Ram"]
[Result "1/2-1/2"]
[WhiteTitle "GM"]
[BlackTitle "GM"]
[WhiteElo "2580"]
[BlackElo "2492"]
[WhiteFideId "4147332"]
[BlackFideId "2800101"]
[EventDate "2012.03.20"]
[EventType "swiss"]

1. e4 e6 2. d4 d5 3. Nc3 Bb4 4. e5 c5 5. a3 Bxc3+ 6. bxc3 Ne7 7. Qg4 cxd4 8.
Qxg7 Rg8 9. Qxh7 Qc7 10. Ne2 Nbc6 11. f4 dxc3 12. Nxc3 Nd4 13. Qd3 Nef5 14. Bd2
Bd7 15. g3 O-O-O 16. Rb1 Qc5 17. Kd1 Qxa3 18. Bh3 Rh8 19. g4 Rxh3 20. Qxh3 Ba4
21. Rc1 Bxc2+ 22. Ke1 Kb8 23. gxf5 Bxf5 24. Qg3 Qa6 25. h4 Nb3 26. Ne2 Nxc1 27.
Nxc1 Rc8 28. h5 Qa1 29. Rh2 Rxc1+ 30. Bxc1 Qxc1+ 31. Kf2 Qd2+ 32. Kg1 Qd1+ 33.
Kf2 Qd2+ 34. Kg1 Qd1+ 35. Kf2 Qd2+ 36. Kg1 Qd1+ 1/2-1/2

[Event "13th EICC"]
[Site "Plovdiv BUL"]
[Date "2012.03.30"]
[Round "10.68"]
[White "Godena, Michele"]
[Black "Ter-Sahakyan, Samvel"]
[Result "1-0"]
[WhiteTitle "GM"]
[BlackTitle "GM"]
[WhiteElo "2508"]
[BlackElo "2578"]
[WhiteFideId "800090"]
[BlackFideId "13302531"]
[EventDate "2012.03.20"]
[EventType "swiss"]

1. e4 c5 2. c3 d5 3. exd5 Qxd5 4. d4 Nf6 5. Nf3 e6 6. Na3 Qd8 7. Nc2 Be7 8. Bd3
O-O 9. Qe2 b6 10. Bf4 Bb7 11. dxc5 bxc5 12. Rd1 Qa5 13. Na3 Nbd7 14. O-O Nb6 15.
Ne5 Nbd5 16. Bg3 Rac8 17. Nac4 Qa4 18. Rfe1 Ba8 19. Bc2 Qa6 20. Bd3 Qb7 21. Qf3
Qa6 22. Qe2 Qa4 23. Bc2 Qe8 24. Bd3 g6 25. Ne3 Nc7 26. h3 Nh5 27. Bh2 f6 28.
N5c4 e5 29. Ng4 Qc6 30. f3 Rfd8 31. Ncxe5 fxe5 32. Bc4+ Nd5 33. Nxe5 Qe6 34.
Nxg6 Qxe2 35. Nxe7+ Qxe7 36. Rxe7 Nf6 37. Rxa7 Kf8 38. Be5 Rd7 39. Rxd7 Nxd7 40.
Bd6+ Ne7 41. Re1 Re8 42. Bb5 1-0

[Event "13th EICC"]
[Site "Plovdiv BUL"]
[Date "2012.03.30"]
[Round "10.70"]
[White "Chatalbashev, Boris"]
[Black "Simacek, Pavel"]
[Result "1-0"]
[WhiteTitle "GM"]
[BlackTitle "IM"]
[WhiteElo "2570"]
[BlackElo "2447"]
[WhiteFideId "2900440"]
[BlackFideId "307165"]
[EventDate "2012.03.20"]
[EventType "swiss"]

1. d4 Nf6 2. c4 c5 3. d5 e6 4. Nf3 exd5 5. cxd5 d6 6. h3 g6 7. e4 Bg7 8. Bd3 O-O
9. O-O Re8 10. Nc3 a6 11. a4 c4 12. Bc2 Nbd7 13. Bf4 Qc7 14. Re1 Nh5 15. Be3 Rb8
16. a5 Nc5 17. Nd2 b5 18. axb6 Rxb6 19. Bxc5 dxc5 20. Nxc4 Rxb2 21. d6 Qd8 22.
Nd5 Rb8 23. e5 Qg5 24. Ne7+ Rxe7 25. dxe7 Bxh3 26. Qf3 Be6 27. Rab1 Re8 28. Nd6
Rxe7 29. Rb8+ Bf8 30. Qa8 Qh6 31. Reb1 1-0

[Event "13th EICC"]
[Site "Plovdiv BUL"]
[Date "2012.03.30"]
[Round "10.71"]
[White "Lintchevski, Daniil"]
[Black "Cioara, Andrei-Nestor"]
[Result "1-0"]
[WhiteTitle "GM"]
[BlackTitle "IM"]
[WhiteElo "2564"]
[BlackElo "2477"]
[WhiteFideId "4171055"]
[BlackFideId "1203509"]
[EventDate "2012.03.20"]
[EventType "swiss"]

1. e4 c6 2. d4 d5 3. e5 Bf5 4. Nf3 e6 5. Be2 Nd7 6. O-O Ne7 7. Nh4 Be4 8. Nd2 c5
9. g3 Nc6 10. Nxe4 dxe4 11. d5 exd5 12. Qxd5 Ndxe5 13. Qxe4 Qd4 14. Qg2 O-O-O
15. c3 Qd5 16. Qxd5 Rxd5 17. Be3 Be7 18. f4 Nd3 19. Rad1 c4 20. b3 Rdd8 21. Nf5
Bf6 22. bxc4 Nb2 23. Rd5 Kc7 24. Bc5 Rhe8 25. Kf2 Re6 26. Rxd8 Kxd8 27. Nd6 Na4
28. Ba3 Nxc3 29. Nxf7+ Ke8 30. Bh5 g6 31. f5 Bd4+ 32. Kg2 Re3 33. fxg6 hxg6 34.
Bxg6 Kd7 35. Bf5+ Kc7 36. Bd6+ Kb6 37. h4 Na5 38. c5+ Kc6 39. h5 Nc4 40. h6 Re8
41. Kh3 Ne3 42. Rf3 Ne2 43. Kh2 Ba1 44. Ne5+ Bxe5 45. Rxe3 Bxg3+ 46. Rxg3 Nxg3
47. Kxg3 Kd5 48. h7 b6 49. Kf4 bxc5 50. Be5 1-0

[Event "13th EICC"]
[Site "Plovdiv BUL"]
[Date "2012.03.30"]
[Round "10.73"]
[White "Jurcik, Marian"]
[Black "Nabaty, Tamir"]
[Result "1/2-1/2"]
[WhiteTitle "IM"]
[BlackTitle "GM"]
[WhiteElo "2467"]
[BlackElo "2559"]
[WhiteFideId "14907518"]
[BlackFideId "2809052"]
[EventDate "2012.03.20"]
[EventType "swiss"]

1. c4 g6 2. Nc3 c5 3. g3 Bg7 4. Bg2 Nc6 5. Nf3 d6 6. O-O e6 7. b3 Nge7 8. Bb2
O-O 9. Rc1 a6 10. d3 b5 11. Qd2 Qa5 12. Rfd1 Bb7 13. Ne4 Qxd2 14. Rxd2 Bxb2 15.
Rxb2 Rfd8 16. a3 b4 17. axb4 Nxb4 18. Nfd2 Ra7 19. Ra1 Nf5 20. Nc3 Nd4 21. Kf1
Bxg2+ 22. Kxg2 Kf8 23. Nf3 Ndc6 24. Na2 Ke7 25. Nxb4 cxb4 26. d4 d5 27. Rc2 Kd6
28. e3 a5 29. cxd5 exd5 30. Ra4 f6 31. Ne1 Kc7 32. Nd3 Kb6 33. Nc5 Rd6 34. Ra1
Nd8 35. Rac1 Rc6 36. Na4+ Kc7 37. Rxc6+ Nxc6 38. Rc5 Kd6 39. Rb5 Ra8 40. Rb7 Ra7
41. Rb5 Ra6 42. Kf3 Nd8 43. Ke2 Ne6 44. Rb8 Rc6 45. h4 Rc2+ 46. Kf3 Rc1 47. Ra8
Nc7 48. Rxa5 Ra1 49. Ra7 Ra3 50. Rb7 Rxb3 51. Rb6+ Ke7 52. Nc5 Rb1 53. Nd3 b3
54. Nc5 b2 55. Nd3 Ne8 56. Rxb2 Rxb2 57. Nxb2 Nd6 58. Nd3 Ne4 59. g4 Nc3 60. Nf4
Kf7 61. Kg3 h6 62. Kf3 g5 63. Ne2 Nxe2 64. Kxe2 gxh4 65. Kf3 Kg6 66. Kf4 h5 67.
f3 Kh6 68. gxh5 f5 69. e4 dxe4 70. fxe4 h3 71. Kg3 fxe4 72. Kxh3 Kxh5 1/2-1/2

[Event "13th EICC"]
[Site "Plovdiv BUL"]
[Date "2012.03.30"]
[Round "10.76"]
[White "Roiz, Michael"]
[Black "Berescu, Alin-Mile"]
[Result "1-0"]
[WhiteTitle "GM"]
[BlackTitle "GM"]
[WhiteElo "2652"]
[BlackElo "2494"]
[WhiteFideId "2804158"]
[BlackFideId "1204920"]
[EventDate "2012.03.20"]
[EventType "swiss"]

1. d4 d5 2. c4 c6 3. Nf3 Nf6 4. Nc3 e6 5. Bg5 h6 6. Bh4 g5 7. Bg3 dxc4 8. e4 b5
9. Qc2 Bb7 10. Be2 Nbd7 11. Rd1 Qb6 12. O-O a6 13. Ne5 Rg8 14. d5 Nxe5 15. Bxe5
Nd7 16. Bg3 e5 17. dxc6 Qxc6 18. Nd5 Bg7 19. b3 cxb3 20. Qxb3 Nc5 21. Qb4 Rd8
22. Rc1 Bf8 23. Rfd1 Rg6 24. Qb2 f6 25. Bh5 Kf7 26. f3 Qe8 27. Bf2 Ne6 28. Qb3
Bxd5 29. exd5 Nf4 30. Rc7+ Kg8 31. d6+ Kh8 32. d7 Qe7 33. Bxg6 Nxg6 34. Qc2 Qf7
35. Bb6 1-0

[Event "13th EICC"]
[Site "Plovdiv BUL"]
[Date "2012.03.30"]
[Round "10.77"]
[White "Kabanov, Nikolai"]
[Black "Iordachescu, Viorel"]
[Result "0-1"]
[WhiteTitle "GM"]
[BlackTitle "GM"]
[WhiteElo "2502"]
[BlackElo "2644"]
[WhiteFideId "4127820"]
[BlackFideId "13900200"]
[EventDate "2012.03.20"]
[EventType "swiss"]

1. e4 e5 2. Nf3 Nc6 3. Nc3 Nf6 4. d4 exd4 5. Nd5 Be7 6. Bc4 d6 7. Nxd4 Nxd5 8.
Bxd5 Nxd4 9. Qxd4 Bf6 10. Qd3 O-O 11. c3 c6 12. Bb3 Re8 13. O-O Be6 14. Bc2 g6
15. f4 Qb6+ 16. Kh1 d5 17. e5 Bf5 18. Qe2 Bxc2 19. Qxc2 Bg7 20. Rf3 d4 21. cxd4
Qxd4 22. Rd3 Qe4 23. Be3 a5 24. Rad1 a4 25. Qc3 g5 26. fxg5 Bxe5 27. Qd2 Bc7 28.
Qf2 Qe5 29. Qh4 Rad8 30. g6 hxg6 31. Bd4 Qh5 32. Qxh5 gxh5 33. g3 Rd5 34. Bc3
Red8 35. Rxd5 Rxd5 36. Re1 Kf8 37. Re4 b5 38. Kg2 c5 39. a3 Bd6 40. Kf3 Rf5+ 41.
Ke2 Rd5 42. Kf3 Be7 43. Ke2 Rd8 44. h3 Rd5 45. g4 h4 46. Rf4 Bd8 47. Re4 Bc7 48.
Kf2 Rd3 49. Re3 Rd5 50. Re4 Bd6 51. Kg2 Rd3 52. Be1 Be7 53. Rf4 Rb3 54. Bc3 b4
55. axb4 a3 0-1

[Event "13th EICC"]
[Site "Plovdiv BUL"]
[Date "2012.03.30"]
[Round "10.79"]
[White "Nedev, Trajko"]
[Black "Guseinov, Gadir"]
[Result "1/2-1/2"]
[WhiteTitle "GM"]
[BlackTitle "GM"]
[WhiteElo "2492"]
[BlackElo "2616"]
[WhiteFideId "15000605"]
[BlackFideId "13401378"]
[EventDate "2012.03.20"]
[EventType "swiss"]

1. e4 c5 2. Nf3 g6 3. d4 cxd4 4. Qxd4 Nf6 5. e5 Nc6 6. Qa4 Nd5 7. Qe4 Nb6 8. Nc3
d5 9. exd6 Bf5 10. Qh4 Qxd6 11. Nb5 Qd7 12. Bf4 Rc8 13. c3 Bg7 14. Be2 h6 15.
Rd1 Qe6 16. Nc7+ Rxc7 17. Bxc7 g5 18. Qb4 Nd5 19. Qxb7 Nxc7 20. Qxc7 O-O 21. Nd4
Nxd4 22. cxd4 Rc8 23. Qg3 Rc2 24. Qe3 Rxb2 25. a3 Ra2 26. Qxe6 Bxe6 27. Rd2 Ra1+
28. Rd1 Ra2 29. Rd2 Ra1+ 30. Rd1 Rxa3 31. O-O Bd5 32. Rd2 Bf6 33. h3 Ra4 34.
Rfd1 Bb3 35. Rb1 Bd5 36. Rbd1 Bb3 37. Rb1 Bd5 38. Rbd1 1/2-1/2

[Event "13th EICC"]
[Site "Plovdiv BUL"]
[Date "2012.03.30"]
[Round "10.80"]
[White "Grigorov, Grigor"]
[Black "Kozul, Zdenko"]
[Result "1/2-1/2"]
[WhiteTitle "GM"]
[BlackTitle "GM"]
[WhiteElo "2489"]
[BlackElo "2602"]
[WhiteFideId "2907313"]
[BlackFideId "14502879"]
[EventDate "2012.03.20"]
[EventType "swiss"]

1. d4 Nf6 2. c4 g6 3. Nf3 Bg7 4. g3 c6 5. Bg2 d5 6. b3 dxc4 7. bxc4 c5 8. Bb2
cxd4 9. Nxd4 O-O 10. O-O Ng4 11. e3 Ne5 12. Qb3 Na6 13. Ba3 Nd7 14. Nc3 Ndc5 15.
Bxc5 Nxc5 16. Qa3 Ne6 17. Nxe6 Bxe6 18. Rad1 Qc7 19. Nd5 Qxc4 20. Rc1 Qe2 21.
Rfe1 Qb2 22. Qxb2 Bxb2 23. Rb1 Bxd5 24. Bxd5 Ba3 25. Rxb7 Rad8 26. Bf3 a5 27.
Re2 Rd1+ 28. Kg2 Ra1 29. Rc2 Rd8 30. h4 Kg7 31. Be2 Bb4 32. Bf3 Rd3 33. Be2 Rd5
34. Bf3 Re5 35. Bc6 h6 36. a4 g5 37. hxg5 hxg5 38. Rb5 Kf6 39. Rxe5 Kxe5 40. g4
e6 41. Be8 f5 42. gxf5 exf5 43. Bb5 Ra3 44. Bd7 Bc3 45. f4+ Kd6 46. Bxf5 gxf4
47. exf4 Bb4 48. Be4 Rxa4 49. Rc6+ Kd7 1/2-1/2

[Event "13th EICC"]
[Site "Plovdiv BUL"]
[Date "2012.03.30"]
[Round "10.81"]
[White "Kotronias, Vasilios"]
[Black "Hagen, Andreas Skytte"]
[Result "1-0"]
[WhiteTitle "GM"]
[BlackTitle "IM"]
[WhiteElo "2597"]
[BlackElo "2453"]
[WhiteFideId "5900212"]
[BlackFideId "1407341"]
[EventDate "2012.03.20"]
[EventType "swiss"]

1. e4 c5 2. Nf3 d6 3. d4 cxd4 4. Nxd4 Nf6 5. Nc3 a6 6. Bg5 e6 7. f4 h6 8. Bh4
Qb6 9. a3 Be7 10. Bf2 Qc7 11. Qe2 Nc6 12. O-O-O Nxd4 13. Rxd4 b5 14. g4 e5 15.
Rd3 exf4 16. Rg1 Be6 17. Nd5 Bxd5 18. exd5 Nd7 19. Bd4 Ne5 20. Rc3 Qd8 21. Bxe5
dxe5 22. Qxe5 O-O 23. Rc6 Re8 24. Bd3 Bf8 25. Qxf4 Qxd5 26. Qf5 Qxf5 27. gxf5
Rec8 28. Be4 Rxc6 29. Bxc6 Rd8 30. b4 Bd6 31. h3 Bf4+ 32. Kb1 Rc8 33. Bb7 Rc3
34. Rf1 Bc7 35. Rf3 Rxf3 36. Bxf3 Kf8 37. Bb7 a5 38. Bc6 axb4 39. axb4 Ke7 40.
Bxb5 g6 41. fxg6 fxg6 42. Ka2 Kd6 43. Be8 Kd5 44. Kb3 g5 45. c4+ Kd4 46. c5 Bd8
47. Ka4 Be7 48. Kb5 Kd5 49. Bf7+ Kd4 50. Kc6 h5 51. Bxh5 Kc4 52. Kd7 Bxc5 53.
bxc5 Kxc5 54. Ke6 Kc6 55. Kf6 Kd6 56. Bf7 1-0

[Event "13th EICC"]
[Site "Plovdiv BUL"]
[Date "2012.03.30"]
[Round "10.82"]
[White "Filip, Lucian"]
[Black "Halkias, Stelios"]
[Result "1/2-1/2"]
[WhiteTitle "IM"]
[BlackTitle "GM"]
[WhiteElo "2483"]
[BlackElo "2588"]
[WhiteFideId "1208900"]
[BlackFideId "4201809"]
[EventDate "2012.03.20"]
[EventType "swiss"]

1. Nf3 Nf6 2. c4 g6 3. Nc3 Bg7 4. e4 d6 5. d4 O-O 6. Be2 Bg4 7. Be3 Nfd7 8. Rc1
c5 9. d5 Na6 10. Qd2 Re8 11. Bh6 Bxf3 12. Bxf3 Bxh6 13. Qxh6 Nc7 14. h4 e6 15.
Kf1 Ne5 16. Be2 exd5 17. exd5 f5 18. Qg5 Qe7 19. f4 Nf7 20. Qxe7 Rxe7 21. h5 Kg7
22. hxg6 hxg6 23. Kf2 Rf8 24. Bf3 a6 25. a4 Nh6 26. Rhe1 Rfe8 27. Rxe7+ Rxe7 28.
Rh1 Ne8 29. Re1 Rxe1 30. Kxe1 Kf8 31. Kf2 Nf6 32. Kg3 Nhg4 33. Bxg4 Nxg4 34. Nd1
Ke7 35. a5 Kf6 36. Kf3 Nh2+ 37. Ke2 g5 38. g3 g4 39. Ne3 Nf3 40. Nc2 Ke7 41. Kd3
Kd7 42. Ne3 Nd4 43. Nc2 Nxc2 1/2-1/2

[Event "13th EICC"]
[Site "Plovdiv BUL"]
[Date "2012.03.30"]
[Round "10.83"]
[White "Nigalidze, Gaioz"]
[Black "Kulaots, Kaido"]
[Result "1/2-1/2"]
[WhiteTitle "IM"]
[BlackTitle "GM"]
[WhiteElo "2472"]
[BlackElo "2585"]
[WhiteFideId "13603078"]
[BlackFideId "4500261"]
[EventDate "2012.03.20"]
[EventType "swiss"]

1. Nf3 g6 2. d4 Bg7 3. c4 Nf6 4. Nc3 d5 5. cxd5 Nxd5 6. e4 Nxc3 7. bxc3 c5 8.
Bc4 O-O 9. O-O Nc6 10. Be3 cxd4 11. cxd4 Bg4 12. Bd5 Bxf3 13. Qxf3 Nxd4 14. Bxd4
Bxd4 15. Rad1 Qb6 16. Rb1 Qa5 17. Bxb7 Rab8 18. Bd5 e6 19. Rxb8 Rxb8 20. Bb3 Qc5
21. g3 a5 22. Qf4 Be5 23. Qc1 Qb4 24. Qc2 Kg7 25. Rd1 Qb6 26. Kg2 Rd8 27. Rxd8
Qxd8 28. h4 h5 29. a4 Qd4 30. Bc4 Bd6 31. Qd3 Qe5 32. Bb5 Bc5 33. Qf3 Kf8 34.
Qd3 Qb2 35. Qe2 Qd4 36. Qf3 Ke7 37. Qf4 Bd6 38. Qf3 Be5 39. Qa3+ Bd6 40. Qd3 Qe5
41. Qf3 1/2-1/2

[Event "13th EICC"]
[Site "Plovdiv BUL"]
[Date "2012.03.30"]
[Round "10.84"]
[White "Banusz, Tamas"]
[Black "Hunt, Adam C"]
[Result "1-0"]
[WhiteTitle "GM"]
[BlackTitle "IM"]
[WhiteElo "2583"]
[BlackElo "2454"]
[WhiteFideId "722413"]
[BlackFideId "403970"]
[EventDate "2012.03.20"]
[EventType "swiss"]

1. Nf3 d5 2. d4 Nf6 3. c4 c6 4. e3 g6 5. Nc3 Bg7 6. Be2 O-O 7. O-O Bg4 8. h3
Bxf3 9. Bxf3 e6 10. Qe2 Nbd7 11. Rd1 Re8 12. e4 dxe4 13. Bxe4 Qc7 14. Bc2 a6 15.
Be3 e5 16. d5 cxd5 17. Nxd5 Nxd5 18. Rxd5 Nf8 19. Rad1 Rac8 20. c5 f5 21. b4 Kh8
22. Ba4 Red8 23. Qd2 Ne6 24. Bd7 Nd4 25. Bxd4 Rxd7 26. Bxe5 Rxd5 27. Bxg7+ Kxg7
28. Qxd5 Re8 29. c6 b6 30. Qd7+ Qxd7 31. Rxd7+ Kg8 32. c7 1-0

[Event "13th EICC"]
[Site "Plovdiv BUL"]
[Date "2012.03.30"]
[Round "10.87"]
[White "Smirnov, Artem"]
[Black "Radulski, Julian"]
[Result "1-0"]
[WhiteTitle "IM"]
[BlackTitle "GM"]
[WhiteElo "2436"]
[BlackElo "2552"]
[WhiteFideId "4143256"]
[BlackFideId "2901595"]
[EventDate "2012.03.20"]
[EventType "swiss"]

1. d4 Nf6 2. c4 d6 3. Nf3 Nbd7 4. g3 g6 5. Bg2 Bg7 6. O-O c6 7. Nc3 a6 8. e4 O-O
9. e5 Ne8 10. Qe1 dxe5 11. dxe5 Nc7 12. b3 Ne6 13. Bb2 Ndc5 14. Qe2 a5 15. Rad1
Qc7 16. Qe3 b6 17. h4 Bb7 18. Ne2 Rad8 19. Ned4 Bc8 20. h5 Nxd4 21. Bxd4 Bg4 22.
h6 Bh8 23. Bxc5 Rxd1 24. Rxd1 bxc5 25. Qxc5 Bxe5 26. Nxe5 Bxd1 27. Nxc6 1-0

[Event "13th EICC"]
[Site "Plovdiv BUL"]
[Date "2012.03.30"]
[Round "10.88"]
[White "Sharafiev, Azat"]
[Black "Papp, Gabor1"]
[Result "1/2-1/2"]
[WhiteTitle "IM"]
[BlackTitle "GM"]
[WhiteElo "2433"]
[BlackElo "2551"]
[WhiteFideId "4186214"]
[BlackFideId "718602"]
[EventDate "2012.03.20"]
[EventType "swiss"]

1. d4 d5 2. c4 e6 3. Nf3 Nf6 4. g3 Bb4+ 5. Bd2 Be7 6. Bg2 c6 7. Qc2 Nbd7 8. O-O
O-O 9. Bf4 a5 10. Rd1 Nh5 11. Bc1 b5 12. Ne5 Bb7 13. b3 Rc8 14. Nc3 f5 15. e3
Nhf6 16. Ne2 Nxe5 17. dxe5 Ne4 18. Nd4 Qd7 19. f3 Nc5 20. Bd2 bxc4 21. bxc4 Ba6
22. Bf1 Bd8 23. Rdc1 Qa7 24. Qc3 Bb6 25. Qa3 Nd7 26. cxd5 Nxe5 27. Bxa6 Qxa6 28.
dxc6 Rfd8 29. Qb3 Rd6 30. Rab1 Bxd4 31. exd4 Nxc6 32. Qb7 Qxb7 33. Rxb7 Rxd4 34.
Bxa5 Ra4 35. Rb6 Rxa5 36. Rbxc6 Rxc6 37. Rxc6 Kf7 38. Rc2 Ra8 39. f4 h6 40. Kf2
g5 41. Re2 Ke7 42. Rd2 Ra3 43. Kg2 g4 44. Kg1 h5 45. Kg2 1/2-1/2

[Event "13th EICC"]
[Site "Plovdiv BUL"]
[Date "2012.03.30"]
[Round "10.89"]
[White "Fedoseev, Vladimir3"]
[Black "Ledger, Andrew J"]
[Result "1-0"]
[WhiteTitle "GM"]
[BlackTitle "IM"]
[WhiteElo "2548"]
[BlackElo "2424"]
[WhiteFideId "24130737"]
[BlackFideId "400610"]
[EventDate "2012.03.20"]
[EventType "swiss"]

1. e4 e6 2. d4 d5 3. Nd2 c5 4. exd5 Qxd5 5. dxc5 Bxc5 6. Ngf3 Nf6 7. Bc4 Qd8 8.
O-O Nc6 9. Qe2 O-O 10. Ne4 Nd4 11. Nxd4 Qxd4 12. Nxc5 Qxc5 13. b3 Bd7 14. a4
Rfd8 15. Ba3 Qg5 16. f4 Qh4 17. Qe1 Qh6 18. Bd3 Bc6 19. Bb2 Rd5 20. h3 Rad8 21.
Qf2 a6 22. Rae1 Rh5 23. Qg3 Ne8 24. Be5 f6 25. Bb2 e5 26. Bc1 exf4 27. Bxf4 g5
28. Re7 Ng7 29. Bc1 Rf8 30. Bc4+ Kh8 31. Be2 Qg6 32. Bxh5 Nxh5 33. Qd6 Nf4 34.
Rxb7 Rc8 35. Rb8 1-0

[Event "13th EICC"]
[Site "Plovdiv BUL"]
[Date "2012.03.30"]
[Round "10.92"]
[White "Pap, Gyula"]
[Black "Klein, David"]
[Result "1-0"]
[WhiteTitle "GM"]
[BlackTitle "FM"]
[WhiteElo "2538"]
[BlackElo "2418"]
[WhiteFideId "725323"]
[BlackFideId "1003623"]
[EventDate "2012.03.20"]
[EventType "swiss"]

1. c4 e6 2. Nc3 Nf6 3. Nf3 d5 4. e3 Be7 5. d4 O-O 6. b3 Nbd7 7. Bd3 b6 8. cxd5
exd5 9. O-O Bb7 10. Bb2 c5 11. Ne2 Re8 12. Rc1 a6 13. dxc5 bxc5 14. Ng3 Qb6 15.
Ng5 Bf8 16. Nh5 g6 17. Nxf6+ Nxf6 18. Qc2 Rac8 19. Qb1 Bg7 20. Rfd1 h6 21. Nxf7
Kxf7 22. Bxg6+ Kg8 23. Bxe8 Rxe8 24. Bxf6 Qxf6 25. Rxc5 d4 26. Rxd4 Qe7 27. Rdc4
Be4 28. Qd1 Qe6 29. h3 Rf8 30. Qg4 Bf5 31. Qg3 Kh8 32. Qc7 Rg8 33. Qc6 Bxh3 34.
Rh4 Bf5 35. Qxe6 Bxe6 36. Rc6 Bd5 37. Rxa6 Rc8 38. Ra5 Rc1+ 39. Kh2 Rd1 40. Rh5
Bb7 41. Rhb5 Rd7 42. Kg3 1-0

[Event "13th EICC"]
[Site "Plovdiv BUL"]
[Date "2012.03.30"]
[Round "10.94"]
[White "Guliyev, Namig"]
[Black "Popilski, Gil"]
[Result "0-1"]
[WhiteTitle "GM"]
[BlackTitle "IM"]
[WhiteElo "2532"]
[BlackElo "2389"]
[WhiteFideId "13400363"]
[BlackFideId "2809060"]
[EventDate "2012.03.20"]
[EventType "swiss"]

1. e4 c5 2. Nf3 e6 3. d4 cxd4 4. Nxd4 Nc6 5. Nb5 d6 6. c4 Nf6 7. N5c3 Be7 8. Be2
O-O 9. O-O b6 10. Re1 Bb7 11. Bf4 Rc8 12. Bf1 Rc7 13. Nd2 Rd7 14. h3 Re8 15. a3
Bf8 16. Nf3 Ne7 17. Qb3 Qa8 18. Qc2 Ng6 19. Bg3 Rc8 20. Rad1 b5 21. cxb5 Nxe4
22. Rxe4 Rxc3 23. Qxc3 Bxe4 24. Nd4 Ne7 25. Rc1 Nd5 26. Qc8 Qxc8 27. Rxc8 e5 28.
Nc6 Nb6 29. Rb8 Rc7 30. Nxa7 Nd7 31. b6 Rc2 32. Rc8 Rxb2 33. f3 Bd5 34. Nc6 Bxc6
35. Rxc6 Rxb6 36. Rxb6 Nxb6 37. Bf2 Na4 38. Bb5 Nc3 39. Bc6 d5 40. a4 Bb4 41.
Bb6 d4 42. Kf2 d3 43. Ke3 d2 44. Kxd2 Nxa4+ 0-1